000 00345nab a22001097u 4500
008 130520b2010 xxu||||| |||| 00| 0 spa d
041 _aspa
100 1 _aMcgrath, Alister
_983649
245 0 0 _aLos ateísmos de superventas: el nuevo cientifismo
_cAlister Mcgrath
773 0 _tConcilium
_gnº337,2010,págs. 11-24
_x0210-1041
_wRev134
942 _cAR
999 _c414498
_d414498